00640 2200217 4500001002100000005001700021006001900038008004100057020002300098035002600121082000900147084001500156090001500171100004800186245004500234260003600279300002600315990002700341990002700368990002700395INLIS00000000000403720170410074400.0a ||| | 171130| ||| |  a 978-602-9212-10-5 a 0010-0417000000001760 a 600 a 600 SAN D a 600 SAN D0 a RUTGER VAN SANTEN, DJAN KHOE, BRAM VERMEER00a 2030 TEKNOLOGI YANG AKAN MENGUBAH DUNIA a SOLO b TIGA SERANGKAI c 2011 a 400 hlmn b 15x23 cm a 26449/BAN.PUSNAS/2016 a 26449/BAN.PUSNAS/2016 a 26448/BAN.PUSNAS/2016